000 00456nam a2200157 i 4500
001 19596
003 ES-MaACL
007 t|
008 021004s1904 sp ||||1| spa d
100 1 _aAbella, Fermín.
_9198007
245 1 0 _aManual de formularios para todos los juicios civiles /
_cpor Fermín Abella.
260 _aMadrid :
_b[s.n.],
_c1904 (
_fImp. de El Consultor)
300 _a664 p. ;
_c19 cm.
852 _aES-MaACL
_jB-7145
999 _c19596
_d19596